[Event "Scarborough CC Spring into Summer"]
[Site "Toronto CAN"]
[Date "2019.06.20"]
[Round "4.4"]
[White "Zhao, Jeffrey R"]
[Black "Palacios, Bobby"]
[Result "0-1"]
[WhiteElo "2123"]
[BlackElo "2028"]
[PlyCount "62"]
[EventDate "2019.05.30"]
[EventType "swiss"]
[EventRounds "5"]
[EventCountry "CAN"]

1. e4 c5 2. Nf3 d6 3. d4 cxd4 4. Nxd4 Nf6 5. Nc3 Nc6 6. Bg5 e6 7. Qd2 Be7 8.
O-O-O O-O 9. f4 Nxd4 10. Qxd4 Qa5 11. Kb1 Rd8 12. Be2 Bd7 13. g4 Rac8 14. Qe3
Rc5 15. Bf3 Rdc8 16. Rd3 b5 17. Rc1 b4 18. Ne2 Bb5 19. Rd2 R8c6 20. Rcd1 Rc3
21. Nxc3 bxc3 22. Rd4 Bc4 23. b3 e5 24. fxe5 dxe5 25. Bxf6 Bxf6 26. Rd7 Ra6 27.
a4 h6 28. Be2 Bg5 29. Qf3 Rf6 30. Qg2 Qb4 31. Ka2 Qxa4+ 0-1

[Event "Scarborough CC Spring into Summer"]
[Site "Toronto CAN"]
[Date "2019.06.20"]
[Round "4.5"]
[White "Hay, Jonathan"]
[Black "Ning, Eric"]
[Result "1-0"]
[WhiteElo "2039"]
[BlackElo "2098"]
[PlyCount "49"]
[EventDate "2019.05.30"]
[EventType "swiss"]
[EventRounds "5"]
[EventCountry "CAN"]

1. d4 Nf6 2. Bf4 g6 3. Nc3 d5 4. e3 Bg7 5. h4 c5 6. Nb5 Na6 7. Be2 Bf5 8. c3
Qd7 9. a4 O-O 10. h5 gxh5 11. Bxh5 cxd4 12. exd4 Nxh5 13. Qxh5 e5 14. Be3 exd4
15. Nxd4 Bg6 16. Qh3 f5 17. Nge2 Rae8 18. Kf1 Nc5 19. Nf4 Nxa4 20. Nxg6 hxg6
21. Qh7+ Kf7 22. Rh6 Nc5 23. Rxg6 Rg8 24. Bh6 Kf8 25. Bxg7+ 1-0

[Event "Scarborough CC Spring into Summer"]
[Site "Toronto CAN"]
[Date "2019.06.20"]
[Round "4.6"]
[White "Lin, Benjamin"]
[Black "Sharpe, Sam"]
[Result "1-0"]
[WhiteElo "2053"]
[BlackElo "1940"]
[PlyCount "89"]
[EventDate "2019.05.30"]
[EventType "swiss"]
[EventRounds "5"]
[EventCountry "CAN"]

1. d4 d5 2. c4 e6 3. Nf3 Nf6 4. Nbd2 c6 5. Qc2 Bd6 6. e3 Nbd7 7. Bd3 dxc4 8.
Nxc4 Bb4+ 9. Bd2 Bxd2+ 10. Ncxd2 O-O 11. e4 h6 12. Rg1 c5 13. g4 b5 14. g5 c4
15. gxf6 cxd3 16. Rxg7+ Kh8 17. Qxd3 Qxf6 18. Rg3 e5 19. d5 b4 20. Qe3 Rg8 21.
Rc1 Qb6 22. Rc6 Qxe3+ 23. fxe3 Rxg3 24. hxg3 Kg7 25. Nc4 f6 26. Rc7 Kf8 27. Nd6
Nb6 28. Rf7+ Kg8 29. Rxf6 Ba6 30. Nxe5 Rf8 31. Rxf8+ Kxf8 32. Nc6 Bd3 33. Nxb4
Bb1 34. a3 Ke7 35. e5 a5 36. Nc6+ Kd7 37. e4 a4 38. Kd2 Ba2 39. Nb8+ Kc7 40.
Na6+ Kd7 41. Nc5+ Kc7 42. Kc3 Bxd5 43. exd5 Nxd5+ 44. Kd4 Nb6 45. Nf5 1-0

[Event "Scarborough CC Spring into Summer"]
[Site "Toronto CAN"]
[Date "2019.06.20"]
[Round "4.7"]
[White "Manalo, Pepin"]
[Black "Liu, Harry"]
[Result "1/2-1/2"]
[WhiteElo "1710"]
[BlackElo "1971"]
[PlyCount "104"]
[EventDate "2019.05.30"]
[EventType "swiss"]
[EventRounds "5"]
[EventCountry "CAN"]

1. e4 c5 2. Nf3 Nc6 3. d4 cxd4 4. Nxd4 g6 5. Nc3 Bg7 6. Be3 Nf6 7. f3 d6 8. Qd2
O-O 9. h4 d5 10. Nxc6 bxc6 11. O-O-O Qa5 12. Bh6 d4 13. Nb1 Qxd2+ 14. Bxd2 e5
15. Bb4 Rd8 16. g4 Be6 17. a4 Rab8 18. Bc5 Nd7 19. Be7 Re8 20. Bd6 Ra8 21. Ba6
Bf8 22. Bxf8 Rxf8 23. Bb7 Rab8 24. Bxc6 Nc5 25. Nd2 Rfc8 26. Bb5 a6 27. Bc4
Nxa4 28. b3 Nc5 29. Kb1 Na4 30. Kc1 Nc5 31. Bxe6 Nxe6 32. Nc4 f6 33. Kd2 Nf4
34. Ra1 Rc6 35. Ra5 Rb5 36. Ra4 Ne6 37. Rha1 Nc5 38. R4a3 d3 39. Na5 Rd6 40. c4
Rxa5 41. Rxa5 Nxb3+ 42. Kd1 Nxa1 43. Rxa1 Rd4 44. Rxa6 f5 45. gxf5 gxf5 46.
exf5 Rxc4 47. Re6 Rxh4 48. Kd2 Rf4 49. Kxd3 Rxf5 50. Ke4 Rf4+ 51. Ke3 Rf5 52.
Ke4 Rf4+ 1/2-1/2

[Event "Scarborough CC Spring into Summer"]
[Site "Toronto CAN"]
[Date "2019.06.20"]
[Round "4.8"]
[White "Gilani, Mysha"]
[Black "Xiao, Edward"]
[Result "0-1"]
[WhiteElo "1781"]
[BlackElo "1724"]
[PlyCount "58"]
[EventDate "2019.05.30"]
[EventType "swiss"]
[EventRounds "5"]
[EventCountry "CAN"]

1. d4 d5 2. c4 e6 3. Nc3 Nf6 4. cxd5 exd5 5. Bg5 Nbd7 6. e3 c6 7. Bd3 Be7 8.
Nge2 O-O 9. O-O Re8 10. f3 Nf8 11. Bh4 Ng6 12. Bf2 Be6 13. e4 dxe4 14. fxe4 Ng4
15. Qe1 N6e5 16. Nf4 Nxd3 17. Nxd3 Bc4 18. Rd1 Bb4 19. h3 Bxc3 20. Qxc3 Nxf2
21. Qxc4 Nxd1 22. Rxd1 Rxe4 23. Nc5 Re7 24. Rf1 Qd5 25. Qb4 Rd8 26. Rd1 Re2 27.
Ne4 Qxe4 28. Qf8+ Rxf8 29. Kf1 Qxg2# 0-1

[Event "Scarborough CC Spring into Summer"]
[Site "Toronto CAN"]
[Date "2019.06.20"]
[Round "4.9"]
[White "Wu, Benjamin"]
[Black "Huang, Youhe"]
[Result "0-1"]
[WhiteElo "1707"]
[BlackElo "2144"]
[PlyCount "72"]
[EventDate "2019.05.30"]
[EventType "swiss"]
[EventRounds "5"]
[EventCountry "CAN"]

1. e4 Nf6 2. e5 Nd5 3. d4 d6 4. c4 Nb6 5. exd6 cxd6 6. Nf3 g6 7. Bf4 Bg7 8. Nc3
O-O 9. Be2 Nc6 10. O-O Bg4 11. Be3 Bxf3 12. Bxf3 Nxc4 13. Qb3 Nxe3 14. fxe3 Qd7
15. Rac1 Rac8 16. a3 Bh6 17. Rce1 Na5 18. Qd5 Nc4 19. Nd1 e6 20. Qxb7 Qxb7 21.
Bxb7 Rb8 22. Bc6 Nxb2 23. Nxb2 Rxb2 24. Rf3 Ra2 25. e4 Rb8 26. d5 Rbb2 27. Rg3
Bf4 28. Rg4 Be3+ 29. Kh1 e5 30. Rf1 h5 31. Rg3 Bf4 32. Rc3 Rxg2 33. Rb1 Rxh2+
34. Kg1 Rag2+ 35. Kf1 Rd2 36. Kg1 h4 0-1

[Event "Scarborough CC Spring into Summer"]
[Site "Toronto CAN"]
[Date "2019.06.20"]
[Round "4.10"]
[White "Gao, Raymond"]
[Black "Tavana, Joseph"]
[Result "1-0"]
[WhiteElo "1994"]
[BlackElo "1788"]
[PlyCount "67"]
[EventDate "2019.05.30"]
[EventType "swiss"]
[EventRounds "5"]
[EventCountry "CAN"]

1. e4 c5 2. Nf3 g6 3. d4 cxd4 4. Nxd4 Nc6 5. Nc3 Bg7 6. Be3 Nf6 7. Bc4 Qa5 8.
f3 Qb4 9. Nxc6 bxc6 10. Bb3 Ba6 11. Qd2 d6 12. O-O-O O-O 13. Bh6 c5 14. Bxg7
Kxg7 15. Nd5 Nxd5 16. Bxd5 Rab8 17. c3 Qb5 18. h4 h5 19. g4 hxg4 20. h5 Qe2 21.
fxg4 Qxd2+ 22. Rxd2 Rh8 23. Bb3 Rh6 24. e5 dxe5 25. Rd7 Rb7 26. Rd5 f6 27. Rxc5
Be2 28. Rc8 Rh8 29. Rxh8 Kxh8 30. hxg6+ Kg7 31. Bf7 Bxg4 32. Rh7+ Kf8 33. Bd5
e6 34. Bxb7 1-0

[Event "Scarborough CC Spring into Summer"]
[Site "Toronto CAN"]
[Date "2019.06.27"]
[Round "5.1"]
[White "Issani, Nameer"]
[Black "Xu, Jeffrey"]
[Result "1/2-1/2"]
[WhiteElo "2248"]
[BlackElo "2269"]
[PlyCount "61"]
[EventDate "2019.05.30"]
[EventType "swiss"]
[EventRounds "5"]
[EventCountry "CAN"]

1. d4 Nf6 2. c4 c5 3. d5 e6 4. Nc3 exd5 5. cxd5 d6 6. g3 g6 7. Bg2 Bg7 8. Nf3
O-O 9. O-O a6 10. a4 Nbd7 11. e4 Re8 12. Re1 Rb8 13. Bf4 Qc7 14. e5 dxe5 15. d6
Qb6 16. Nxe5 Nxe5 17. Bxe5 Bg4 18. Qd2 Rbd8 19. a5 Qb3 20. f4 Be6 21. Qd1 Qxd1
22. Raxd1 Bb3 23. Bxb7 Bxd1 24. Rxd1 Ng4 25. Bxg7 Kxg7 26. Bxa6 Re6 27. Nb5 Ne3
28. Rc1 Nf5 29. Rxc5 Nxd6 30. Nxd6 Rexd6 31. Bf1 1/2-1/2

[Event "Scarborough CC Spring into Summer"]
[Site "Toronto CAN"]
[Date "2019.06.27"]
[Round "5.2"]
[White "Palacios, Bobby"]
[Black "Hay, Jonathan"]
[Result "1/2-1/2"]
[WhiteElo "2028"]
[BlackElo "2039"]
[PlyCount "35"]
[EventDate "2019.05.30"]
[EventType "swiss"]
[EventRounds "5"]
[EventCountry "CAN"]

1. e4 c6 2. d4 d5 3. Nc3 dxe4 4. Nxe4 Bf5 5. Ng3 Bg6 6. N1e2 e6 7. h4 h6 8. Nf4
Bh7 9. Bc4 Nf6 10. c3 Bd6 11. Qe2 O-O 12. O-O Re8 13. Bd3 Bxd3 14. Nxd3 Nbd7
15. Ne5 c5 16. Nxd7 Qxd7 17. dxc5 Bxc5 18. Ne4 1/2-1/2

[Event "Scarborough CC Spring into Summer"]
[Site "Toronto CAN"]
[Date "2019.06.27"]
[Round "5.3"]
[White "Xiao, Edward"]
[Black "Lin, Benjamin"]
[Result "0-1"]
[WhiteElo "1724"]
[BlackElo "2053"]
[PlyCount "126"]
[EventDate "2019.05.30"]
[EventType "swiss"]
[EventRounds "5"]
[EventCountry "CAN"]

1. d4 d5 2. c4 c6 3. Nf3 Nf6 4. Nc3 e6 5. e3 Nbd7 6. Bd2 Bd6 7. Bd3 dxc4 8.
Bxc4 b5 9. Bd3 O-O 10. Ne4 Nxe4 11. Bxe4 Bb7 12. Qc2 Nf6 13. Bd3 Rc8 14. b4 Qe7
15. Rb1 h6 16. e4 e5 17. dxe5 Bxe5 18. Nxe5 Qxe5 19. Qc5 Qxc5 20. bxc5 Nxe4 21.
Bxe4 Rfe8 22. f3 f5 23. O-O fxe4 24. fxe4 Rxe4 25. Rbe1 Rce8 26. a3 Rxe1 27.
Rxe1 Rxe1+ 28. Bxe1 Kf7 29. Kf2 Ke6 30. Ke3 Kd5 31. Bc3 g6 32. Bb4 Bc8 33. Kd3
Bf5+ 34. Kc3 Ke4 35. Kd2 Kd4 36. g3 Bh3 37. Ke2 h5 38. Kf3 g5 39. Kf2 a6 40.
Kf3 Kc4 41. Ke4 Kb3 42. Kd4 g4 43. Kd3 Bf1+ 44. Kd2 Bc4 45. Kc1 Bd3 46. Kd2 Bh7
47. Kc1 Bg6 48. Kd2 Kb2 49. Kd1 a5 50. Bxa5 Kxa3 51. Kc1 b4 52. Bd8 Kb3 53. Be7
Kc3 54. Bf6+ Kc4 55. Be7 b3 56. Kb2 Bc2 57. Ka3 Kd3 58. Bf6 Ke2 59. Kb4 Kf3 60.
Ka5 Kg2 61. Kb6 Be4 62. Ka5 Kxh2 63. Be5 b2 0-1

[Event "Scarborough CC Spring into Summer"]
[Site "Toronto CAN"]
[Date "2019.06.27"]
[Round "5.4"]
[White "Southam, David"]
[Black "Zhao, Jeffrey R"]
[Result "0-1"]
[WhiteElo "2183"]
[BlackElo "2123"]
[PlyCount "88"]
[EventDate "2019.05.30"]
[EventType "swiss"]
[EventRounds "5"]
[EventCountry "CAN"]

1. d4 Nf6 2. c4 g6 3. Nc3 Bg7 4. e4 d6 5. f3 O-O 6. Bg5 c5 7. d5 e6 8. Qd2 exd5
9. cxd5 a6 10. a4 Nbd7 11. Nh3 Re8 12. Nf2 Qc7 13. Be2 c4 14. O-O Rb8 15. a5 b5
16. axb6 Nxb6 17. f4 Nfd7 18. Rae1 Nc5 19. f5 Nb3 20. Qd1 Nd7 21. Ng4 Ne5 22.
Nf6+ Bxf6 23. Bxf6 Nd7 24. Bh4 Kg7 25. fxg6 fxg6 26. Bg4 Ne5 27. Bf6+ Kg8 28.
Be6+ Bxe6 29. dxe6 Rxe6 30. Nd5 Qa7+ 31. Kh1 Nd3 32. Re3 Rf8 33. Qg4 Qf7 34. h4
Nd2 35. Rf5 Nxe4 36. Rxe4 h5 37. Qg5 Rxe4 38. Qh6 Qh7 39. Qg5 Rg4 40. Ne7+ Kf7
41. Qe3 gxf5 42. Qa7 Kxf6 43. Nd5+ Kg6 44. Qe3 Qf7 0-1

[Event "Scarborough CC Spring into Summer"]
[Site "Toronto CAN"]
[Date "2019.06.27"]
[Round "5.5"]
[White "Ning, Eric"]
[Black "Manalo, Pepin"]
[Result "1-0"]
[WhiteElo "2098"]
[BlackElo "1971"]
[PlyCount "71"]
[EventDate "2019.05.30"]
[EventType "swiss"]
[EventRounds "5"]
[EventCountry "CAN"]

1. d4 Nf6 2. c4 e6 3. g3 d5 4. Bg2 b6 5. Nc3 Bb7 6. Bg5 Be7 7. Nf3 Nbd7 8. O-O
O-O 9. Ne5 Ne4 10. Nxe4 dxe4 11. Bxe7 Qxe7 12. Qc2 f5 13. Nxd7 Qxd7 14. Rad1
Qf7 15. b4 Qh5 16. f3 f4 17. fxe4 fxg3 18. hxg3 Qg5 19. Qd3 a5 20. b5 Rad8 21.
Rxf8+ Rxf8 22. Rf1 Rd8 23. e5 Bxg2 24. Kxg2 h5 25. Rf4 Rc8 26. Qf3 Kh7 27. Qb7
Qd8 28. Qe4+ Kh6 29. Rf7 a4 30. Qc6 Kh7 31. Qxe6 Ra8 32. Qf5+ Kh6 33. d5 a3 34.
e6 Ra4 35. e7 Qd6 36. Qe6+ 1-0

[Event "Scarborough CC Spring into Summer"]
[Site "Toronto CAN"]
[Date "2019.06.27"]
[Round "5.6"]
[White "Noor Ali, Aahil"]
[Black "Liu, Harry"]
[Result "1-0"]
[WhiteElo "2078"]
[BlackElo "1971"]
[PlyCount "55"]
[EventDate "2019.05.30"]
[EventType "swiss"]
[EventRounds "5"]
[EventCountry "CAN"]

1. d4 Nf6 2. c4 e6 3. Nc3 Bb4 4. e3 b6 5. Nge2 Bb7 6. a3 Be7 7. Nf4 d5 8. cxd5
exd5 9. Bb5+ c6 10. Bd3 O-O 11. O-O Nbd7 12. Qe2 c5 13. Ba6 Bc6 14. Bb5 Bb7 15.
Rd1 c4 16. f3 Bd6 17. e4 Bxf4 18. Bxf4 Re8 19. e5 Re6 20. Bg5 h6 21. Bxd7 Qxd7
22. Bxf6 gxf6 23. f4 fxe5 24. dxe5 Rg6 25. Rd4 Rd8 26. Rad1 Qe6 27. Qf3 f6 28.
f5 1-0

[Event "Scarborough CC Spring into Summer"]
[Site "Toronto CAN"]
[Date "2019.06.27"]
[Round "5.7"]
[White "Huang, Youhe"]
[Black "Mendoza, Armand Jess"]
[Result "1-0"]
[WhiteElo "2144"]
[BlackElo "1952"]
[PlyCount "49"]
[EventDate "2019.05.30"]
[EventType "swiss"]
[EventRounds "5"]
[EventCountry "CAN"]

1. e4 Nc6 2. Nf3 d6 3. Bc4 Nf6 4. Nc3 Bg4 5. d3 Na5 6. h3 Bxf3 7. Qxf3 Nxc4 8.
dxc4 c6 9. Bg5 Nd7 10. O-O h6 11. Be3 g5 12. Rad1 Qa5 13. Bd4 Rg8 14. Qe2 e5
15. Be3 O-O-O 16. Rb1 c5 17. Nd5 Nb6 18. b4 Qa6 19. Qg4+ Kb8 20. bxc5 dxc5 21.
Nxb6 axb6 22. Qf5 Qxc4 23. Rxb6 Qxc2 24. Qxe5+ Ka7 25. Qc7 1-0

[Event "Scarborough CC Spring into Summer"]
[Site "Toronto CAN"]
[Date "2019.06.27"]
[Round "5.8"]
[White "Sharpe, Sam"]
[Black "Xie, Austin"]
[Result "1/2-1/2"]
[WhiteElo "1940"]
[BlackElo "1964"]
[PlyCount "110"]
[EventDate "2019.05.30"]
[EventType "swiss"]
[EventRounds "5"]
[EventCountry "CAN"]

1. e4 e6 2. d4 d5 3. Nc3 Bb4 4. e5 c5 5. a3 Bxc3+ 6. bxc3 Nc6 7. Qg4 Kf8 8. Bd3
Nge7 9. h4 c4 10. Be2 b5 11. h5 h6 12. Nh3 a5 13. Qf3 Ba6 14. Nf4 Ke8 15. g4 b4
16. axb4 axb4 17. Bd2 Qb6 18. Qe3 b3 19. cxb3 cxb3 20. O-O Na5 21. Bxa6 Rxa6
22. Rfb1 Nc4 23. Qe1 b2 24. Rxa6 Qxa6 25. Qd1 Qa2 26. Be1 Kd7 27. Nd3 Ra8 28.
Nxb2 Nxb2 29. Qc2 Nc4 30. Rb7+ Kd8 31. Qh7 Qa4 32. Qxg7 Qe8 33. Qxh6 Kc8 34.
Rb1 Qg8 35. Kh2 Kc7 36. Kh3 Qh8 37. Qf6 Qxf6 38. exf6 Ng8 39. g5 Nd6 40. f3 Nf5
41. Bg3+ Kc6 42. Rb8 Rxb8 43. Bxb8 Kb5 44. Be5 Kc4 45. h6 Nfxh6 46. gxh6 Nxh6
47. Kh4 Kxc3 48. Kg5 Nf5 49. Kf4 Kd3 50. Kg5 Nxd4 51. Bxd4 Kxd4 52. Kh6 Ke5 53.
Kg7 d4 54. Kxf7 d3 55. Kg7 d2 1/2-1/2

[Event "Scarborough CC Spring into Summer"]
[Site "Toronto CAN"]
[Date "2019.06.27"]
[Round "5.9"]
[White "De Costa, Alex"]
[Black "Gilani, Mysha"]
[Result "1/2-1/2"]
[WhiteElo "1804"]
[BlackElo "1761"]
[PlyCount "57"]
[EventDate "2019.05.30"]
[EventType "swiss"]
[EventRounds "5"]
[EventCountry "CAN"]

1. e4 e5 2. Nf3 Nc6 3. Bb5 a6 4. Ba4 Nf6 5. d3 b5 6. Bb3 Be7 7. O-O d6 8. a4
Bb7 9. c3 O-O 10. Re1 Na5 11. Bc2 c5 12. Nbd2 Re8 13. Nf1 Bf8 14. Ng3 g6 15. d4
exd4 16. cxd4 Bg7 17. Bg5 h6 18. Bf4 Rc8 19. axb5 axb5 20. dxc5 Nc4 21. cxd6
Nxb2 22. Qb1 Nc4 23. Qxb5 Nxd6 24. Bxd6 Rxc2 25. Qxb7 Qxd6 26. e5 Qc5 27. Rf1
Ng4 28. Qd7 Qc8 29. Ra7 1/2-1/2

[Event "Scarborough CC Spring into Summer"]
[Site "Toronto CAN"]
[Date "2019.06.27"]
[Round "5.10"]
[White "Tavana, Joseph"]
[Black "Leblanc, Miguel"]
[Result "1-0"]
[WhiteElo "1788"]
[BlackElo "1809"]
[PlyCount "97"]
[EventDate "2019.05.30"]
[EventType "swiss"]
[EventRounds "5"]
[EventCountry "CAN"]

1. d4 Nf6 2. e3 d5 3. Bd3 e6 4. f4 c5 5. c3 Nc6 6. Nd2 cxd4 7. exd4 Bd6 8. Ndf3
Qc7 9. Ne5 Bxe5 10. fxe5 Ng8 11. Nf3 Nge7 12. O-O h6 13. Qe1 Bd7 14. Nd2 Nf5
15. g4 Nfe7 16. Nb3 h5 17. Qf2 O-O-O 18. Qxf7 hxg4 19. Bg5 Rde8 20. Nc5 Nxe5
21. Bf4 Nxf7 22. Bxc7 Ng5 23. Be5 Nf3+ 24. Kg2 Nxe5 25. dxe5 Ref8 26. Rxf8+
Rxf8 27. Kg3 b6 28. Nxd7 Kxd7 29. Rf1 Rxf1 30. Bxf1 Nf5+ 31. Kf4 Kc6 32. Be2 d4
33. cxd4 Nxd4 34. Bxg4 Kd5 35. h4 g6 36. Bd1 b5 37. Bb3+ Kc5 38. Kg5 Nf3+ 39.
Kxg6 Nxe5+ 40. Kf6 Kd6 41. Bxe6 a5 42. h5 Nc6 43. h6 Nd8 44. Bg8 Nc6 45. h7 Kc5
46. h8=Q Kb6 47. Ke6 b4 48. Kd6 Kb5 49. Qh5+ 1-0

[Event "Scarborough CC Spring into Summer U1800"]
[Site "Toronto CAN"]
[Date "2019.06.06"]
[Round "2"]
[White "Armstrong, Robert J"]
[Black "Mates, Alexander"]
[Result "1-0"]
[WhiteElo "1503"]
[BlackElo "1107"]
[PlyCount "51"]
[EventDate "2019.05.30"]
[EventType "swiss"]
[EventRounds "5"]
[EventCountry "CAN"]

1. d4 Nf6 2. c4 g6 3. Nc3 Bg7 4. e4 d6 5. f3 O-O 6. Be3 Nbd7 7. Nge2 e5 8. d5
Nh5 9. g4 Nf4 10. Nxf4 exf4 11. Bxf4 Qf6 12. Qd2 Ne5 13. Be2 h6 14. h4 Qe7 15.
Bxh6 f5 16. Bxg7 Kxg7 17. gxf5 gxf5 18. O-O-O fxe4 19. fxe4 Nf3 20. Bxf3 Rxf3
21. Rhg1+ Kf7 22. Qg5 Qxg5+ 23. Rxg5 Bh3 24. Rdg1 Rf1+ 25. Rxf1+ Bxf1 26. Rf5+
1-0

[Event "Scarborough CC Winter Swiss U1800"]
[Site "Toronto CAN"]
[Date "2019.03.07"]
[Round "3"]
[White "Armstrong, Robert J"]
[Black "Mates, Alexander"]
[Result "1-0"]
[WhiteElo "1485"]
[BlackElo "1090"]
[PlyCount "95"]
[EventDate "2019.02.21"]
[EventType "swiss"]
[EventRounds "6"]
[EventCountry "CAN"]

1. d4 Nf6 2. c4 e6 3. Nf3 Bb4+ 4. Bd2 Bxd2+ 5. Qxd2 O-O 6. Nc3 d5 7. e3 Nbd7 8.
Bd3 dxc4 9. Bxc4 b6 10. e4 Bb7 11. Bd3 Re8 12. g4 Nxg4 13. Rg1 Qf6 14. Ng5 Nxh2
15. O-O-O h6 16. e5 Nxe5 17. dxe5 Qxe5 18. Nh7 Kh8 19. Ng5 Qf6 20. Nce4 Bxe4
21. Bxe4 Rad8 22. Nxf7+ Qxf7 23. Qxd8 Qf4+ 24. Qd2 Qxe4 25. Qc3 Re7 26. Rh1 Nf3
27. Rxh6+ Kg8 28. Rd8+ Kf7 29. Rhh8 Qf4+ 30. Kd1 Qg4 31. Rdf8+ Kg6 32. Qd3+ Kg5
33. Qe3+ Kg6 34. Rxf3 Rd7+ 35. Ke2 e5 36. Rhh3 Qc4+ 37. Ke1 Qb4+ 38. Kf1 Rd1+
39. Kg2 Qe1 40. Qxe1 Rxe1 41. Rhg3+ Kh7 42. Re3 Rb1 43. Re2 c5 44. Rge3 Ra1 45.
a3 Rd1 46. Rxe5 Rd4 47. R5e4 Rd7 48. Re7 1-0

[Event "Scarborough CC Winter Swiss U1800"]
[Site "Toronto CAN"]
[Date "2019.03.07"]
[Round "3"]
[White "Tuchow, Ryan"]
[Black "Liu, Sam"]
[Result "1/2-1/2"]
[WhiteElo "1372"]
[BlackElo "1534"]
[PlyCount "41"]
[EventDate "2019.02.21"]
[EventType "swiss"]
[EventRounds "6"]
[EventCountry "CAN"]

1. Nf3 c5 2. e4 Nc6 3. d3 d6 4. g3 e5 5. Bg2 h6 6. h4 Bg4 7. Nbd2 Nf6 8. c3 b5
9. a4 b4 10. a5 d5 11. Qa4 Bd7 12. Bh3 dxe4 13. Nxe4 Nxe4 14. dxe4 Bd6 15. Be3
Qc7 16. Bxd7+ Qxd7 17. Rd1 Qc7 18. Rd5 bxc3 19. bxc3 Rd8 20. Bxc5 O-O 21. O-O
1/2-1/2

[Event "Scarborough CC Winter Swiss U1800"]
[Site "Toronto CAN"]
[Date "2019.03.14"]
[Round "4"]
[White "Turchow, Ryan"]
[Black "Armstrong, Robert J"]
[Result "0-1"]
[WhiteElo "1350"]
[BlackElo "1485"]
[PlyCount "52"]
[EventDate "2019.02.21"]
[EventType "swiss"]
[EventRounds "6"]
[EventCountry "CAN"]

1. Nf3 g6 2. e4 Bg7 3. d3 c5 4. g3 Qb6 5. Nbd2 Qa5 6. Bg2 b5 7. O-O Bb7 8. Re1
Nc6 9. Nb3 Qb6 10. e5 Nd4 11. Nxc5 Qxc5 12. Be3 Nxf3+ 13. Bxf3 Qc7 14. Bf4 e6
15. c4 Bxf3 16. Qxf3 Rb8 17. Rac1 bxc4 18. Rxc4 Qa5 19. Rec1 Ne7 20. Bg5 h6 21.
Bxe7 Kxe7 22. Rf4 Rhe8 23. Qe3 Rbc8 24. Rd1 Bxe5 25. Re4 Bg7 26. d4 d5 0-1

[Event "Scarborough CC Winter Swiss U1800"]
[Site "Toronto CAN"]
[Date "2019.03.21"]
[Round "5"]
[White "Armstrong, Robert J"]
[Black "Wang, Michael"]
[Result "1-0"]
[WhiteElo "1485"]
[BlackElo "1552"]
[PlyCount "91"]
[EventDate "2019.02.21"]
[EventType "swiss"]
[EventRounds "6"]
[EventCountry "CAN"]

1. g3 e6 2. Bg2 d5 3. c4 c6 4. Qb3 Nd7 5. d4 Ngf6 6. Nc3 g6 7. Bg5 h6 8. Bd2
Nb6 9. cxd5 cxd5 10. Rd1 Nc4 11. Nf3 Nxd2 12. Rxd2 Nd7 13. e4 dxe4 14. Nxe4 b6
15. O-O Bb7 16. Re1 Bg7 17. Nd6+ Kf8 18. Nxf7 Bd5 19. Nxd8 Bxb3 20. Nxe6+ Bxe6
21. Rxe6 Kf7 22. Rde2 Bf6 23. d5 Rac8 24. Rc6 Nb8 25. Rxc8 Rxc8 26. Bh3 Rc1+
27. Kg2 Ra1 28. b3 Na6 29. d6 Nb4 30. Bd7 Rxa2 31. Be8+ Kg7 32. Rxa2 Nxa2 33.
d7 Nb4 34. Ne5 g5 35. Kf3 Nd5 36. Nc6 Nc7 37. Nxa7 Kf8 38. Bh5 Ke7 39. Bg4 Ne6
40. Nc8+ Kxd7 41. Nxb6+ Kd6 42. Bxe6 Kxe6 43. Ke4 Kd6 44. Nd5 Bg7 45. Ne3 Kc5
46. Nc2 1-0

[Event "Scarborough CC-ch"]
[Site "Toronto CAN"]
[Date "2019.04.04"]
[Round "1.1"]
[White "Noor Ali, Aahil"]
[Black "La Manna, Andrea"]
[Result "0-1"]
[WhiteElo "2019"]
[BlackElo "2312"]
[PlyCount "110"]
[EventDate "2019.04.04"]
[EventType "swiss"]
[EventRounds "8"]
[EventCountry "CAN"]

1. d4 d6 2. c4 f5 3. Nc3 Nf6 4. g3 g6 5. Bg2 Bg7 6. e3 O-O 7. Nge2 c6 8. O-O
Na6 9. Rb1 e5 10. b4 Nc7 11. Ba3 e4 12. b5 cxb5 13. Nxb5 Nxb5 14. Rxb5 b6 15.
Rb1 Re8 16. d5 Ng4 17. Qa4 Bd7 18. Qb4 Ne5 19. Qb3 Qc7 20. Rfc1 Nd3 21. Rc2 Nc5
22. Bxc5 Qxc5 23. Bf1 Rac8 24. Nc3 g5 25. Na4 Qa5 26. Nc3 Qc5 27. Na4 Qc7 28.
Nc3 Be5 29. Rbc1 Re7 30. Nb5 Qb8 31. Qa3 Be8 32. Bh3 g4 33. Bf1 h5 34. Nd4 Bd7
35. Nb5 Bxb5 36. cxb5 Rc5 37. Qb3 Kg7 38. a4 h4 39. Rxc5 dxc5 40. Rd1 Qd6 41.
Rd2 Kf6 42. Qa2 Rc7 43. Bc4 hxg3 44. hxg3 Bxg3 45. fxg3 Qxg3+ 46. Rg2 Qxe3+ 47.
Qf2 Qxf2+ 48. Kxf2 Ke5 49. Kg3 Rh7 50. Rh2 f4+ 51. Kg2 f3+ 52. Kg3 Rxh2 53.
Kxh2 e3 54. Kg3 e2 55. Kf2 g3+ 0-1

[Event "Scarborough CC-ch"]
[Site "Toronto CAN"]
[Date "2019.04.04"]
[Round "1.2"]
[White "Issani, Nameer"]
[Black "Lawless, David"]
[Result "1-0"]
[WhiteElo "2262"]
[BlackElo "1997"]
[PlyCount "63"]
[EventDate "2019.04.04"]
[EventType "swiss"]
[EventRounds "8"]
[EventCountry "CAN"]

1. d4 Nf6 2. c4 g6 3. Nc3 Bg7 4. e4 O-O 5. Nf3 d6 6. Be2 e5 7. O-O Nc6 8. d5
Ne7 9. Ne1 Nd7 10. Be3 f5 11. f3 f4 12. Bf2 g5 13. Nd3 Rf7 14. b4 Bf8 15. g4
fxg3 16. hxg3 Ng6 17. Rc1 Nf4 18. gxf4 gxf4 19. Kh1 Rf6 20. Rg1+ Kh8 21. Kg2
Nb6 22. Nb2 Rh6 23. Kf1 Rh2 24. Bd3 Rxf2+ 25. Kxf2 Qh4+ 26. Kf1 Qh2 27. Ne2
Bh3+ 28. Ke1 Be7 29. Kd2 Bg2 30. Rxg2 Qxg2 31. Qh1 Qf2 32. Nd1 1-0

[Event "Scarborough CC-ch"]
[Site "Toronto CAN"]
[Date "2019.04.04"]
[Round "1.3"]
[White "Huang, Youhe"]
[Black "Pedersen, Rune"]
[Result "0-1"]
[WhiteElo "1982"]
[BlackElo "2224"]
[PlyCount "90"]
[EventDate "2019.04.04"]
[EventType "swiss"]
[EventRounds "8"]
[EventCountry "CAN"]

1. d4 Nf6 2. Bf4 d5 3. Nc3 Bf5 4. e3 e6 5. f3 a6 6. g4 Bg6 7. h4 h5 8. g5 Nfd7
9. e4 Bb4 10. Bg2 O-O 11. Qd2 c5 12. Bd6 Re8 13. O-O-O Qb6 14. dxc5 Nxc5 15.
Bxc5 Qxc5 16. exd5 Nd7 17. dxe6 Rxe6 18. Nge2 Nb6 19. Rhe1 Na4 20. Qd4 Nxc3 21.
Qxc5 Nxe2+ 22. Rxe2 Bxc5 23. Rxe6 fxe6 24. Rd7 b5 25. Kd2 Ra7 26. Rd8+ Kf7 27.
f4 Bf2 28. Bc6 Bf5 29. Rh8 Rc7 30. Be8+ Ke7 31. c3 Rc8 32. Rg8 Rxe8 33. Rxg7+
Kd6 34. Ke2 Bc5 35. Rb7 e5 36. fxe5+ Rxe5+ 37. Kd2 Be3+ 38. Kd1 Bg4+ 39. Kc2
Rd5 40. Kb3 Kc6 41. Rf7 Bc5 42. Kc2 Rf5 43. Rxf5 Bxf5+ 44. Kb3 Be6+ 45. Kc2 Bf2
0-1

[Event "Scarborough CC-ch"]
[Site "Toronto CAN"]
[Date "2019.04.04"]
[Round "1.4"]
[White "Southam, David"]
[Black "Leblanc, Miguel"]
[Result "1-0"]
[WhiteElo "2179"]
[BlackElo "1931"]
[PlyCount "87"]
[EventDate "2019.04.04"]
[EventType "swiss"]
[EventRounds "8"]
[EventCountry "CAN"]

1. d4 Nf6 2. c4 e6 3. Nc3 Bb4 4. e3 O-O 5. Nge2 c6 6. a3 Ba5 7. c5 d5 8. cxd6
Qxd6 9. b4 Bc7 10. g3 e5 11. Bg2 Bg4 12. h3 Be6 13. O-O Nbd7 14. Qc2 Qe7 15. e4
exd4 16. Nxd4 Be5 17. Be3 Nb6 18. f4 Bc7 19. Nxe6 Qxe6 20. Bc5 Rfd8 21. e5 Nfd5
22. Ne4 h6 23. Rae1 Nd7 24. Bd6 Bb6+ 25. Nc5 Nxc5 26. bxc5 Ba5 27. Re2 Nc3 28.
Re3 Nb5 29. f5 Qe8 30. Re4 Nxd6 31. cxd6 Bb6+ 32. Kh2 Rd7 33. Rd1 Qd8 34. Qd3
Kf8 35. e6 fxe6 36. fxe6 Rxd6 37. Qxd6+ Qxd6 38. Rxd6 Bc5 39. Rd7 Rb8 40. Rf4+
Ke8 41. Rff7 Bxa3 42. Rxg7 a5 43. Rg8+ Bf8 44. Rf7 1-0